01201 2200181 4500001002100000005001500021035002000036245005900056100002900115250001700144300003300161260003100194082001100225084001700236020002200253650001000275520073400285INLIS00000000000012520240508072218 a0010-05240000471 aFabel di Sekitar Para Nabi /cIrma Irawati, Wylvera W.0 aIrma Irawati, Wylvera W. acetakan ke-2 avi, 138 hlm :bilus ;c24 cm aSolo :bTiga Ananda,c2017 a398.24 a398.24 IRM f a978-602-366-236-4 4aFabel aUh! Bau ...," gerutu Guki Gagak sambil terus bergerak dan mengepak-ngepakkan sayap. Hatinya sedang risau. "Iya, bau apa ini, ya? Kok, menyengat sekali? ujar gagak lainnya. "Wahai para sahabat, saudara, serta anak cucuku sekalian. Ternyata, bau busuk itu berasal dari kejadian yang sangat dahsyat," ujar Kakek Gagak. "Hah, kejadian dahsyat apa?!" Semua gagak yang hadir langsung riuh. "Duh! Ada apa, ya?" Buku ini berisi kumpulan cerita tentang hewan-hewan dalam Al-Qur'an. Ada kisah tentang rayap ompong yang bertugas merobohkan tongkat Nabi Sulaiman, paus yang ketakutan karena telah menelan Nabi Yunus, laba-laba yang berusaha melindungi Nabi Muhamrnad dari kejaran kaum kafir, dan masih banyak lagi. Yuk, ikuti kisah-kisahnya.